000
00319nam a22001337a 4500
008
170601b xxu||||| |||| 00| 0 eng d
020
_a
9780205012039
041
_a
eng
080
_2
7TH
_a
94(7/8)
100
_a
17
101
_a
SHH
245
_a
OUT OF MANY A HISTORY OF THE AMERICAN PEOPLE
_c
MACK,J
942
_2
udc
_c
BK
999
_c
15400
_d
15400